Cultureshock! : Australia : A survival guide to customs and etiquette

Đã lưu trong:
書目詳細資料
主要作者: Sharp, ILsa
格式: 圖書
語言:Undetermined
出版: Singapore Marshall Cavendish 2005
主題:
標簽: 添加標簽
沒有標簽, 成為第一個標記此記錄!
Thư viện lưu trữ: Trung tâm Học liệu Trường Đại học Cần Thơ
LEADER 00636nam a2200217Ia 4500
001 CTU_128352
008 210402s9999 xx 000 0 und d
020 |c 175000 
082 |a 994 
082 |b S531 
100 |a Sharp, ILsa 
245 0 |a Cultureshock! : 
245 0 |b Australia : A survival guide to customs and etiquette 
245 0 |c ILsa Sharp 
260 |a Singapore 
260 |b Marshall Cavendish 
260 |c 2005 
650 |a Australia,Úc Châu 
650 |x Social life and customs.,Đời sống xã hội và phong tục 
904 |i Minh 
980 |a Trung tâm Học liệu Trường Đại học Cần Thơ